| 000 | 00364nam a22000977a 4500 | ||
|---|---|---|---|
| 008 | 160521b xxu||||| |||| 00| 0 eng d | ||
| 100 | _aHellman, E. A. | ||
| 245 | _aSuomen leimamerkit | ||
| 260 |
_aLappeenranta, [Finland] _bSuomen Postimerkkilehdessa Ilmestyneen, Julkaisun Eripainos _c1944 |
||
| 650 | _aFinland | Revenues | Cinderella Material | Catalogs and Price Lists | ||
| 999 |
_c2023 _d2023 |
||